LEADER 01096nam a2200277 i 4500 001 000000144379 003 CaOOAMICUS 005 20060907000000.0 008 060907s1999 it u000 u ita u 013 $a119737 020 $a88-10-42017-9 040 $aSeMil$bita 100 1 $aAethera.$0(OLS)http://semarc/name/35360 245 10$aPellegrinaggio in Terra Santa /$cEgeria ; a cura di Nicoletta Natalucci. 260 $aBologna :$bEDB,$c1999. 300 $a333 p. ;$c21 cm. 490 0 $aBiblioteca patristica ;$v17 500 $aContiene : Bibliografia. - Testo latino a fronte. 700 1 $aNatalucci, Nicoletta.$0(OLS)http://semarc/name/57737 830 0$aBiblioteca patristica ;$v17.$0(OLS)http://semarc/title/10 850 $aSeMil 852 $aSeMil$W1$xVenegono$y1$m2T III 287$j97311$B97311$CSeMilBibl$Z2$F104996 $81 961 $aAcquisto: EDB 996 $6020$a88-10-42017-9$9(OLS)http://semarc/number/132776 996 $6245$aPellegrinaggio in Terra Santa$9(OLS)http://semarc/title/114248 996 $6260$aBologna :$bEDB$9(OLS)http://semarc/publisher/29669 LEADER 01065nam a2200253 i 4500 001 000000166777 003 CaOOAMICUS 005 20230530111406.0 008 071119s1966 it u000 u ita u 013 $a144146 040 $aSeMil$bita 100 1 $aBuzzati, Dino,$d<1906-1972>.$0(OLS)http://semarc/name/8278 245 13$aIl colombre :$be altri cinquanta racconti /$cDino Buzzati. 260 $a[Milano] :$bArnoldo Mondadori Editore,$c1966. 300 $a451 p. ;$c20 cm. 490 0 $aNarratori italiani ;$v145 773 0 $aBuzzati, Dino <1906-1972>$tOpere di Dino Buzzati.$d[Milano] : Arnoldo Mondadori Editore, [19--?]$g6$w()18364 830 0$aNarratori italiani ;$v145.$0(OLS)http://semarc/title/6852 850 $aSeMil 852 $aSeMil$W1$xVenegono$y1$m1B III 269$j241061$B117937$CSeMilBibl$Z2$F128771 $81 961 $aRecupero: Altro 996 $6245$aIl colombre :$be altri cinquanta racconti$9(OLS)http://semarc/title/238413 996 $6260$a[Milano] :$bArnoldo Mondadori Editore$9(OLS)http://semarc/publisher/29634